A social history of England
Αποθηκεύτηκε σε:
| Κύριος συγγραφέας: | |
|---|---|
| Μορφή: | Βιβλίο |
| Γλώσσα: | English |
| Δημοσίευση: |
London :
Penguin Books,
1987.
|
| Έκδοση: | 2η έκδ. |
| Θέματα: | |
| Ετικέτες: |
Προσθήκη ετικέτας
Δεν υπάρχουν, Καταχωρήστε ετικέτα πρώτοι!
|
MARC
| LEADER | 00000cam a2200000 i 4500 | ||
|---|---|---|---|
| 001 | 1/8719 | ||
| 008 | 000717s1987 enka ||| |||| | eng d | ||
| 020 | |a 0140136061 | ||
| 035 | |l 10062788 | ||
| 040 | |a GR-MY-UA |b gre |e aacr | ||
| 041 | 0 | |a eng | |
| 082 | 0 | |a 941 | |
| 100 | 1 | |a Briggs, Asa, |d 1921-2016. | |
| 245 | 1 | 2 | |a A social history of England / |c Asa Briggs. |
| 250 | |a 2η έκδ. | ||
| 260 | |a London : |b Penguin Books, |c 1987. | ||
| 300 | |a xiii, 432 σ. : |b εικ. ; |c 20 εκ. | ||
| 504 | |a Περιέχει ευρετήριο. | ||
| 651 | 0 | |a England |x Social conditions. | |
| 852 | |a INST |b LESVOS |e 20000717 |h 941 BRI |p 005100025677 |q 005100025677 |t BK |y 0 | ||